000 00328pab a2200145 454500
008 180718b2004 xxu||||| |||| 00| 0 eng d
100 _aGogoi, Jayanta K.
245 _aBorder trade and North East
260 _c2004
300 _ap.29-32.
362 _aSep
650 _aBorder disputes
773 _aYojana
909 _a62192
999 _c62192
_d62192